000 00309nam a2200145Ia 4500
100 _aGilbert/Chris/ Williams/ L
942 _cBK
654 _aABC'S
245 _aABC''''S Of 1-2-3-The
260 _bB.P.B Pub.
_aDelhi
_c1988
082 _a1.6
_bGil/Wil
300 _a245
546 _aENGLISH
999 _c18739
_d18739